| 000 | 00387nam a22001697a 4500 | ||
|---|---|---|---|
| 003 | NUST - PNEC | ||
| 005 | 20170116181000.0 | ||
| 008 | 150912b xxu||||| |||| 00| 0 eng d | ||
| 020 | _a- | ||
| 040 | _cLIBRARY | ||
| 082 | _a621.381 FRE | ||
| 100 |
_99451 _aFreuzel |
||
| 245 |
_aElectronics technology _cFreuzel |
||
| 260 | _c- | ||
| 650 |
_99454 _aElectronics _xEL |
||
| 942 |
_2ddc _cBK |
||
| 999 |
_c66667 _d66667 |
||